[Event "European Individual Chess Championship "]
[Site "Reykjavik, Iceland"]
[Date "2021.08.30"]
[Round "5.13"]
[White "Yilmaz, Mustafa"]
[Black "Stefansson, Hannes"]
[Result "1-0"]
[WhiteElo "2630"]
[BlackElo "2519"]
[PlyCount "144"]
[EventDate "2021.08.26"]

1. d4 {[%emt 0:00:04]} Nf6 {[%emt 0:00:15]} 2. c4 {[%emt 0:00:06]} e6 {[%emt 0:
00:18]} 3. Nf3 {[%emt 0:00:05]} d5 {[%emt 0:04:42]} 4. Nc3 {[%emt 0:00:09]} c6
{[%emt 0:00:34]} 5. e3 {[%emt 0:00:06]} Nbd7 {[%emt 0:00:29]} 6. Qc2 {[%emt 0:
00:03]} Bd6 {[%emt 0:00:52]} 7. Bd3 {[%emt 0:00:05]} O-O {[%emt 0:00:28]} 8.
O-O {[%emt 0:00:04]} dxc4 {[%emt 0:00:59]} 9. Bxc4 {[%emt 0:00:04]} b5 {
[%emt 0:01:18]} 10. Be2 {[%emt 0:00:04]} Bb7 {[%emt 0:01:05]} 11. Rd1 {[%emt 0:
00:04]} Qc7 {[%emt 0:02:48]} 12. h3 {[%emt 0:00:07]} b4 {[%emt 0:19:29]} 13.
Na4 {[%emt 0:00:04]} c5 {[%emt 0:04:02]} 14. dxc5 {[%emt 0:00:04]} Bxc5 {
[%emt 0:07:17]} 15. b3 {[%emt 0:06:45]} Be4 {[%emt 0:06:51]} 16. Bd3 {[%emt 0:
18:01]} Bxd3 {[%emt 0:05:20]} 17. Rxd3 {[%emt 0:05:39]} Rac8 {[%emt 0:08:32]}
18. Nxc5 {[%emt 0:18:25]} Nxc5 {[%emt 0:00:22]} 19. Rd4 {[%emt 0:00:28]} Qb7 {
[%emt 0:04:05]} 20. Bd2 {[%emt 0:03:06]} Nce4 {[%emt 0:01:12]} 21. Qd3 {
[%emt 0:00:53]} a5 {[%emt 0:03:25]} 22. Ne5 {[%emt 0:11:29]} Rc5 {[%emt 0:01:
14]} 23. f4 {[%emt 0:08:46]} h6 {[%emt 0:02:56]} 24. Be1 {[%emt 0:03:44]} Rd5 {
[%emt 0:01:42]} 25. Rxd5 {[%emt 0:04:49]} exd5 {[%emt 0:01:55]} 26. Kh2 {
[%emt 0:05:58]} Rc8 {[%emt 0:01:13]} 27. a3 {[%emt 0:00:26]} bxa3 {[%emt 0:03:
02]} 28. Rxa3 {[%emt 0:00:02]} Rc1 {[%emt 0:00:51]} 29. Qe2 {[%emt 0:02:17]}
Rb1 {[%emt 0:02:02]} 30. Rxa5 {[%emt 0:01:39]} Rxb3 {[%emt 0:03:08]} 31. Bh4 {
[%emt 0:05:58]} Rb2 {[%emt 0:01:49]} 32. Qa6 {[%emt 0:01:05]} Qxa6 {[%emt 0:03:
04]} 33. Rxa6 {[%emt 0:00:02]} Rb8 {[%emt 0:03:57]} 34. Bxf6 {[%emt 0:02:53]}
Nxf6 {[%emt 0:01:04]} 35. Ra3 {[%emt 0:02:58]} Ne4 {[%emt 0:01:37]} 36. Ra7 {
[%emt 0:00:47]} Rb3 {[%emt 0:01:16]} 37. Ra8+ {[%emt 0:01:01]} Kh7 {[%emt 0:00:
05]} 38. Nxf7 {[%emt 0:00:07]} Rxe3 {[%emt 0:00:18]} 39. f5 {[%emt 0:00:47]} g6
{[%emt 0:00:37]} 40. fxg6+ {[%emt 0:00:27]} Kxg6 {[%emt 0:01:00]} 41. Ne5+ {
[%emt 0:00:08]} Kg7 {[%emt 0:05:54]} 42. Ra7+ {[%emt 0:00:42]} Kf8 {[%emt 0:00:
14]} 43. Ng4 {[%emt 0:02:06]} Re1 {[%emt 0:02:20]} 44. Nxh6 {[%emt 0:00:17]}
Nd6 {[%emt 0:02:49]} 45. Ng4 {[%emt 0:04:29]} d4 {[%emt 0:00:20]} 46. Ra4 {
[%emt 0:03:14]} Nf5 {[%emt 0:04:11]} 47. Ra5 {[%emt 0:00:08]} Rf1 {[%emt 0:02:
47]} 48. Ne5 {[%emt 0:00:25]} Ne3 {[%emt 0:00:52]} 49. g4 {[%emt 0:03:14]} Rd1
{[%emt 0:02:13]} 50. Ra3 {[%emt 0:00:56]} Kg7 {[%emt 0:08:12]} 51. Kg3 {
[%emt 0:02:10]} Kf6 {[%emt 0:01:05]} 52. Nd3 {[%emt 0:01:42]} Nc4 {[%emt 0:01:
04]} 53. Ra6+ {[%emt 0:01:24]} Kf7 {[%emt 0:00:37]} 54. Nf2 {[%emt 0:00:45]}
Rg1+ {[%emt 0:01:09]} 55. Kf3 {[%emt 0:02:06]} Re1 {[%emt 0:01:04]} 56. Ra4 {
[%emt 0:01:00]} Ne5+ {[%emt 0:00:17]} 57. Kf4 {[%emt 0:02:34]} Ng6+ {[%emt 0:
00:20]} 58. Kg5 {[%emt 0:01:30]} Re5+ {[%emt 0:00:25]} 59. Kh6 {[%emt 0:00:08]}
Re2 {[%emt 0:00:59]} 60. Ra7+ {[%emt 0:00:40]} Ne7 {[%emt 0:00:13]} 61. Nd3 {
[%emt 0:00:07]} Re3 {[%emt 0:01:28]} 62. Nf4 {[%emt 0:00:15]} Re4 {[%emt 0:00:
21]} 63. Kg5 {[%emt 0:01:17]} Re5+ {[%emt 0:00:08]} 64. Kh4 {[%emt 0:00:22]}
Ke8 {[%emt 0:00:55]} 65. Ra3 {[%emt 0:05:12]} Kf7 {[%emt 0:00:11]} 66. Kg3 {
[%emt 0:00:36]} Nd5 {[%emt 0:00:32]} 67. Kf3 {[%emt 0:03:37]} Re3+ {[%emt 0:00:
23]} 68. Rxe3 {[%emt 0:00:07]} Nxe3 {[%emt 0:00:03]} 69. Ne2 {[%emt 0:00:56]}
Nc2 {[%emt 0:00:34]} 70. Ke4 {[%emt 0:00:02]} Kf6 {[%emt 0:00:22]} 71. Nxd4 {
[%emt 0:00:07]} Na3 {[%emt 0:00:22]} 72. h4 {[%emt 0:00:14]} Nc4 {[%emt 0:00:
06]} 1-0

[Event "European Individual Chess Championship "]
[Site "Reykjavik, Iceland"]
[Date "2021.08.30"]
[Round "5.14"]
[White "Fridman, Daniel"]
[Black "Bjerre, Jonas Buhl"]
[Result "1/2-1/2"]
[WhiteElo "2621"]
[BlackElo "2550"]
[PlyCount "51"]
[EventDate "2021.08.26"]

1. d4 {[%emt 0:01:17]} Nf6 {[%emt 0:00:17]} 2. c4 {[%emt 0:00:20]} e6 {[%emt 0:
00:23]} 3. Nf3 {[%emt 0:00:08]} d5 {[%emt 0:00:09]} 4. g3 {[%emt 0:00:20]} dxc4
{[%emt 0:00:11]} 5. Bg2 {[%emt 0:00:05]} a6 {[%emt 0:00:13]} 6. O-O {[%emt 0:
00:09]} Nc6 {[%emt 0:00:27]} 7. Nc3 {[%emt 0:00:07]} Rb8 {[%emt 0:01:22]} 8. e4
{[%emt 0:00:07]} Be7 {[%emt 0:00:55]} 9. d5 {[%emt 0:00:13]} exd5 {[%emt 0:02:
33]} 10. exd5 {[%emt 0:00:49]} Nb4 {[%emt 0:01:11]} 11. Ne5 {[%emt 0:00:09]}
Bf5 {[%emt 0:03:52]} 12. Nxc4 {[%emt 0:00:28]} O-O {[%emt 0:03:14]} 13. a3 {
[%emt 0:06:17]} Nd3 {[%emt 0:01:47]} 14. b4 {[%emt 0:15:23]} Nxc1 {[%emt 0:05:
18]} 15. Rxc1 {[%emt 0:00:15]} Ne8 {[%emt 0:04:07]} 16. Qf3 {[%emt 0:13:09]}
Bd7 {[%emt 0:04:00]} 17. Ne5 {[%emt 0:05:32]} Nd6 {[%emt 0:04:17]} 18. Nxd7 {
[%emt 0:00:54]} Qxd7 {[%emt 0:00:07]} 19. Rc2 {[%emt 0:04:11]} Rfe8 {[%emt 0:
07:03]} 20. h4 {[%emt 0:03:18]} a5 {[%emt 0:11:03]} 21. bxa5 {[%emt 0:10:23]}
Ra8 {[%emt 0:01:19]} 22. Rfc1 {[%emt 0:06:56]} Rxa5 {[%emt 0:10:30]} 23. a4 {
[%emt 0:01:33]} Bf6 {[%emt 0:05:48]} 24. Ne2 {[%emt 0:08:32]} Bd8 {[%emt 0:02:
26]} 25. Nc3 {[%emt 0:00:06]} Bf6 {[%emt 0:01:07]} 26. Ne2 {[%emt 0:00:05]}
1/2-1/2

[Event "European Individual Chess Championship "]
[Site "Reykjavik, Iceland"]
[Date "2021.08.30"]
[Round "5.16"]
[White "Kanyamarala, Tarun"]
[Black "Mamedov, Nidjat"]
[Result "0-1"]
[WhiteElo "2369"]
[BlackElo "2595"]
[PlyCount "56"]
[EventDate "2021.08.26"]

1. d4 {[%emt 0:00:06]} Nf6 {[%emt 0:00:06]} 2. c4 {[%emt 0:00:08]} g6 {[%emt 0:
00:05]} 3. Nc3 {[%emt 0:00:10]} Bg7 {[%emt 0:00:26]} 4. e4 {[%emt 0:00:10]} d6
{[%emt 0:00:04]} 5. Nf3 {[%emt 0:00:08]} O-O {[%emt 0:00:06]} 6. Be2 {[%emt 0:
00:12]} e5 {[%emt 0:00:20]} 7. d5 {[%emt 0:00:16]} Na6 {[%emt 0:01:05]} 8. Nd2
{[%emt 0:00:28]} c5 {[%emt 0:01:31]} 9. dxc6 {[%emt 0:02:40]} bxc6 {[%emt 0:00:
41]} 10. Rb1 {[%emt 0:00:24]} Nc5 {[%emt 0:02:38]} 11. b4 {[%emt 0:03:39]} Ne6
{[%emt 0:00:20]} 12. Nb3 {[%emt 0:02:22]} Nd4 {[%emt 0:09:28]} 13. O-O {
[%emt 0:02:29]} Rb8 {[%emt 0:13:05]} 14. a3 {[%emt 0:09:08]} Nd7 {[%emt 0:12:
58]} 15. Be3 {[%emt 0:09:14]} c5 {[%emt 0:00:13]} 16. Nd5 {[%emt 0:11:51]} Bb7
{[%emt 0:08:03]} 17. bxc5 {[%emt 0:33:00]} dxc5 {[%emt 0:03:14]} 18. Bd2 {
[%emt 0:02:29]} Bc6 {[%emt 0:13:23]} 19. Nxd4 {[%emt 0:09:43]} Rxb1 20. Nxc6 {
[%emt 0:13:13]} Rxd1 {[%emt 0:00:15]} 21. Rxd1 {[%emt 0:00:13]} Qa8 {[%emt 0:
00:16]} 22. Be3 {[%emt 0:01:32]} Kh8 {[%emt 0:01:28]} 23. Nde7 {[%emt 0:02:03]}
Qb7 {[%emt 0:02:14]} 24. Na5 {[%emt 0:03:36]} Qc7 {[%emt 0:01:40]} 25. Nb3 {
[%emt 0:00:22]} Rb8 {[%emt 0:00:47]} 26. Rd3 {[%emt 0:00:24]} Nf6 {[%emt 0:01:
52]} 27. Nd5 {[%emt 0:03:10]} Nxd5 {[%emt 0:00:37]} 28. cxd5 {[%emt 0:00:14]}
c4 {[%emt 0:00:31]} 0-1

[Event "European Individual Chess Championship "]
[Site "Reykjavik, Iceland"]
[Date "2021.08.30"]
[Round "5.17"]
[White "Bluebaum, Matthias"]
[Black "Juksta, Karolis"]
[Result "1-0"]
[WhiteElo "2674"]
[BlackElo "2438"]
[PlyCount "73"]
[EventDate "2021.08.26"]

1. e4 {[%emt 0:01:33]} e6 {[%emt 0:01:24]} 2. d4 {[%emt 0:00:42]} d5 {[%emt 0:
00:07]} 3. e5 {[%emt 0:00:04]} c5 {[%emt 0:00:24]} 4. c3 {[%emt 0:00:04]} Nc6 {
[%emt 0:00:23]} 5. Nf3 {[%emt 0:00:04]} Nge7 {[%emt 0:01:40]} 6. Na3 {[%emt 0:
01:23]} cxd4 {[%emt 0:00:41]} 7. cxd4 {[%emt 0:00:12]} Nf5 {[%emt 0:00:18]} 8.
Nc2 {[%emt 0:00:06]} Bd7 {[%emt 0:06:49]} 9. Bd3 {[%emt 0:01:29]} Qb6 {[%emt 0:
01:05]} 10. O-O {[%emt 0:03:44]} a5 {[%emt 0:00:43]} 11. Bxf5 {[%emt 0:21:31]}
exf5 {[%emt 0:00:19]} 12. h4 {[%emt 0:00:13]} h6 {[%emt 0:10:41]} 13. Nce1 {
[%emt 0:09:19]} Be7 {[%emt 0:04:20]} 14. Be3 {[%emt 0:10:02]} O-O {[%emt 0:16:
14]} 15. Nd3 {[%emt 0:00:18]} Rfc8 {[%emt 0:01:25]} 16. Qd2 {[%emt 0:01:23]}
Be6 {[%emt 0:07:25]} 17. Rfc1 {[%emt 0:01:23]} Qd8 {[%emt 0:04:06]} 18. h5 {
[%emt 0:06:29]} b6 {[%emt 0:04:02]} 19. Nf4 {[%emt 0:05:25]} a4 {[%emt 0:02:48]
} 20. Nxe6 {[%emt 0:09:48]} fxe6 {[%emt 0:00:14]} 21. Bxh6 {[%emt 0:00:27]} Qe8
{[%emt 0:23:30]} 22. Bg5 {[%emt 0:02:50]} Qxh5 {[%emt 0:00:26]} 23. Rxc6 {
[%emt 0:02:32]} Rxc6 {[%emt 0:00:14]} 24. Bxe7 {[%emt 0:00:02]} Kf7 {[%emt 0:
01:06]} 25. Qb4 {[%emt 0:04:37]} Rac8 {[%emt 0:05:03]} 26. Bg5 {[%emt 0:00:05]}
Qg4 {[%emt 0:00:30]} 27. Qe7+ {[%emt 0:03:55]} Kg8 {[%emt 0:00:06]} 28. Bd2 {
[%emt 0:00:26]} f4 {[%emt 0:01:30]} 29. a3 {[%emt 0:01:04]} Kh7 {[%emt 0:02:20]
} 30. Ng5+ {[%emt 0:05:38]} Kg6 {[%emt 0:01:16]} 31. Qf7+ {[%emt 0:02:29]} Kxg5
{[%emt 0:00:24]} 32. Qxg7+ {[%emt 0:00:03]} Kh5 {[%emt 0:00:19]} 33. Qh7+ {
[%emt 0:00:04]} Kg5 {[%emt 0:00:05]} 34. g3 {[%emt 0:00:02]} Rc1+ {[%emt 0:03:
04]} 35. Bxc1 {[%emt 0:01:19]} Qd1+ {[%emt 0:00:05]} 36. Kg2 {[%emt 0:00:05]}
Rxc1 {[%emt 0:00:21]} 37. Qg7+ {[%emt 0:00:06]} 1-0

[Event "European Individual Chess Championship "]
[Site "Reykjavik, Iceland"]
[Date "2021.08.30"]
[Round "5.18"]
[White "Lupulescu, Constantin"]
[Black "Ferreira, Jorge Viterbo"]
[Result "1/2-1/2"]
[WhiteElo "2659"]
[BlackElo "2520"]
[PlyCount "77"]
[EventDate "2021.08.26"]

1. e4 {[%emt 0:00:05]} c5 {[%emt 0:00:11]} 2. Nf3 {[%emt 0:00:06]} e6 {[%emt 0:
00:09]} 3. d4 {[%emt 0:00:11]} cxd4 {[%emt 0:00:11]} 4. Nxd4 {[%emt 0:00:04]}
a6 {[%emt 0:00:12]} 5. c4 {[%emt 0:00:25]} Nf6 {[%emt 0:00:13]} 6. Nc3 {
[%emt 0:00:10]} Qc7 {[%emt 0:00:12]} 7. a3 {[%emt 0:01:24]} b6 {[%emt 0:00:12]}
8. Be3 {[%emt 0:01:10]} Bb7 {[%emt 0:00:13]} 9. f3 {[%emt 0:00:25]} d6 {
[%emt 0:00:17]} 10. Qd2 {[%emt 0:05:56]} Be7 {[%emt 0:01:34]} 11. g4 {[%emt 0:
03:41]} h6 {[%emt 0:23:29]} 12. O-O-O {[%emt 0:02:00]} Nbd7 {[%emt 0:00:44]}
13. h4 {[%emt 0:17:01]} Ne5 {[%emt 0:01:47]} 14. Rg1 {[%emt 0:19:13]} Nfd7 {
[%emt 0:23:55]} 15. Kb1 {[%emt 0:00:34]} Bxh4 {[%emt 0:04:41]} 16. g5 {[%emt 0:
07:21]} hxg5 {[%emt 0:14:16]} 17. Bxg5 {[%emt 0:01:50]} Bxg5 {[%emt 0:01:21]}
18. Qxg5 {[%emt 0:03:51]} g6 {[%emt 0:04:47]} 19. f4 {[%emt 0:11:27]} Nxc4 {
[%emt 0:00:20]} 20. Nxe6 {[%emt 0:01:12]} fxe6 {[%emt 0:00:12]} 21. Qxg6+ {
[%emt 0:00:15]} Kd8 {[%emt 0:00:14]} 22. Qxe6 {[%emt 0:09:03]} Nxa3+ {[%emt 0:
05:11]} 23. Ka2 {[%emt 0:05:16]} Nb5 {[%emt 0:04:49]} 24. Rg8+ {[%emt 0:02:04]}
Rxg8 {[%emt 0:00:07]} 25. Qxg8+ {[%emt 0:00:03]} Ke7 {[%emt 0:00:10]} 26. Qg5+
{[%emt 0:03:40]} Kf8 {[%emt 0:00:33]} 27. Nd5 {[%emt 0:02:52]} Qc2 {[%emt 0:02:
08]} 28. Qe7+ {[%emt 0:01:39]} Kg8 {[%emt 0:00:06]} 29. Qe6+ {[%emt 0:00:31]}
Kf8 {[%emt 0:00:27]} 30. Qe7+ {[%emt 0:01:24]} Kg8 {[%emt 0:00:07]} 31. Qe6+ {
[%emt 0:00:33]} Kf8 {[%emt 0:00:06]} 32. Qh6+ {[%emt 0:00:23]} Kf7 {[%emt 0:02:
56]} 33. Qh5+ {[%emt 0:00:31]} Kf8 {[%emt 0:00:27]} 34. Qh8+ {[%emt 0:00:24]}
Kf7 {[%emt 0:00:07]} 35. Qh5+ {[%emt 0:00:16]} Kf8 {[%emt 0:00:06]} 36. Qh8+ {
[%emt 0:00:13]} Kf7 {[%emt 0:00:06]} 37. Qh7+ {[%emt 0:00:04]} Kf8 {[%emt 0:00:
05]} 38. Qf5+ {[%emt 0:00:33]} Ke8 {[%emt 0:00:32]} 39. Qe6+ {[%emt 0:00:40]}
1/2-1/2

[Event "European Individual Chess Championship "]
[Site "Reykjavik, Iceland"]
[Date "2021.08.30"]
[Round "5.19"]
[White "Kozak, Adam"]
[Black "Donchenko, Alexander"]
[Result "0-1"]
[WhiteElo "2504"]
[BlackElo "2657"]
[PlyCount "88"]
[EventDate "2021.08.26"]

1. e4 {[%emt 0:01:47]} e5 {[%emt 0:00:19]} 2. Nf3 {[%emt 0:00:21]} Nc6 {
[%emt 0:00:07]} 3. d4 {[%emt 0:06:55]} exd4 {[%emt 0:00:32]} 4. Nxd4 {[%emt 0:
00:07]} Nf6 {[%emt 0:00:28]} 5. Nxc6 {[%emt 0:00:08]} bxc6 {[%emt 0:00:04]} 6.
Bd3 {[%emt 0:00:06]} d5 {[%emt 0:01:22]} 7. Qe2 {[%emt 0:00:17]} dxe4 {[%emt 0:
12:42]} 8. Bxe4 {[%emt 0:00:31]} Nxe4 {[%emt 0:00:59]} 9. Qxe4+ {[%emt 0:00:07]
} Qe7 {[%emt 0:00:50]} 10. Qxe7+ {[%emt 0:00:54]} Bxe7 {[%emt 0:00:06]} 11. O-O
{[%emt 0:00:19]} Bf5 {[%emt 0:10:25]} 12. c3 {[%emt 0:18:57]} O-O {[%emt 0:08:
40]} 13. Bf4 {[%emt 0:05:59]} Rfb8 {[%emt 0:10:44]} 14. b3 {[%emt 0:00:52]} Bf6
{[%emt 0:02:02]} 15. Bxc7 {[%emt 0:03:57]} Re8 {[%emt 0:00:29]} 16. Bf4 {
[%emt 0:11:48]} Re2 {[%emt 0:03:39]} 17. Be3 {[%emt 0:20:54]} h5 {[%emt 0:06:
45]} 18. Rd1 {[%emt 0:03:06]} Bc2 {[%emt 0:09:02]} 19. Rc1 {[%emt 0:02:21]} Re8
{[%emt 0:01:49]} 20. Na3 {[%emt 0:14:05]} R8xe3 {[%emt 0:01:15]} 21. Nxc2 {
[%emt 0:00:18]} Rxc3 {[%emt 0:00:32]} 22. Ne3 {[%emt 0:00:10]} Rxa2 {[%emt 0:
03:29]} 23. Rxa2 {[%emt 0:03:03]} Rxc1+ {[%emt 0:00:14]} 24. Nf1 {[%emt 0:00:
05]} Bd4 {[%emt 0:02:02]} 25. g3 {[%emt 0:02:12]} Rb1 {[%emt 0:03:58]} 26. Rd2
{[%emt 0:00:31]} c5 {[%emt 0:03:20]} 27. Rd3 {[%emt 0:00:04]} f5 {[%emt 0:03:
10]} 28. Kg2 {[%emt 0:00:14]} Kf7 {[%emt 0:00:31]} 29. Rf3 {[%emt 0:04:28]} Ke6
{[%emt 0:00:50]} 30. Nd2 {[%emt 0:00:25]} Re1 {[%emt 0:05:17]} 31. Nc4 {
[%emt 0:00:34]} g5 {[%emt 0:02:37]} 32. h3 {[%emt 0:00:32]} Re2 {[%emt 0:02:04]
} 33. g4 {[%emt 0:00:30]} hxg4 {[%emt 0:01:25]} 34. hxg4 {[%emt 0:00:02]} f4 {
[%emt 0:00:07]} 35. Kf1 {[%emt 0:00:09]} Rc2 {[%emt 0:01:46]} 36. Ke1 {[%emt 0:
00:08]} Kd5 {[%emt 0:00:26]} 37. Kf1 {[%emt 0:00:03]} Ra2 {[%emt 0:01:12]} 38.
Kg1 {[%emt 0:01:16]} Ra1+ {[%emt 0:01:59]} 39. Kg2 {[%emt 0:00:06]} Ra2 {
[%emt 0:00:04]} 40. Kg1 {[%emt 0:00:12]} a5 {[%emt 0:00:33]} 41. Kg2 {[%emt 0:
01:02]} a4 {[%emt 0:11:09]} 42. Nb6+ {[%emt 0:00:45]} Kc6 {[%emt 0:00:06]} 43.
Nxa4 {[%emt 0:01:04]} c4 {[%emt 0:00:12]} 44. Nc3 {[%emt 0:10:05]} cxb3 {
[%emt 0:00:14]} 0-1

[Event "European Individual Chess Championship "]
[Site "Reykjavik, Iceland"]
[Date "2021.08.30"]
[Round "5.21"]
[White "Paravyan, David"]
[Black "Druska, Juraj"]
[Result "1/2-1/2"]
[WhiteElo "2631"]
[BlackElo "2493"]
[PlyCount "147"]
[EventDate "2021.08.26"]

1. c4 {[%emt 0:00:03]} e6 {[%emt 0:02:08]} 2. g3 {[%emt 0:00:05]} d5 {[%emt 0:
00:24]} 3. Bg2 {[%emt 0:00:07]} Nf6 {[%emt 0:01:10]} 4. Nf3 {[%emt 0:00:05]}
Be7 {[%emt 0:00:13]} 5. O-O {[%emt 0:00:07]} O-O {[%emt 0:00:06]} 6. Ne5 {
[%emt 0:00:04]} c5 {[%emt 0:09:29]} 7. d3 {[%emt 0:00:06]} Nbd7 {[%emt 0:06:35]
} 8. Nxd7 {[%emt 0:01:06]} Bxd7 {[%emt 0:00:17]} 9. e4 {[%emt 0:00:07]} dxe4 {
[%emt 0:14:20]} 10. dxe4 {[%emt 0:00:04]} Bc6 {[%emt 0:00:09]} 11. Qe2 {
[%emt 0:00:03]} Nd7 {[%emt 0:03:23]} 12. Bf4 {[%emt 0:00:39]} Bg5 {[%emt 0:23:
57]} 13. Bxg5 {[%emt 0:01:03]} Qxg5 {[%emt 0:00:54]} 14. f4 {[%emt 0:00:39]}
Qe7 {[%emt 0:00:57]} 15. Nc3 {[%emt 0:05:38]} Rad8 {[%emt 0:01:04]} 16. Rae1 {
[%emt 0:02:17]} Nb8 {[%emt 0:02:42]} 17. Qh5 {[%emt 0:04:17]} Rd2 {[%emt 0:03:
26]} 18. Rf2 {[%emt 0:10:47]} Qd6 {[%emt 0:08:14]} 19. Rxd2 {[%emt 0:00:46]}
Qxd2 {[%emt 0:00:02]} 20. Qe2 {[%emt 0:00:04]} Qxe2 {[%emt 0:01:58]} 21. Rxe2 {
[%emt 0:00:04]} Rd8 {[%emt 0:00:06]} 22. Kf2 {[%emt 0:00:02]} Rd4 {[%emt 0:05:
52]} 23. b3 {[%emt 0:05:13]} Kf8 {[%emt 0:01:09]} 24. Ke3 {[%emt 0:02:00]} Ke7
{[%emt 0:00:28]} 25. Re1 {[%emt 0:01:44]} b6 {[%emt 0:00:48]} 26. Bf3 {[%emt 0:
02:22]} Rd7 {[%emt 0:03:32]} 27. h4 {[%emt 0:02:08]} Bb7 {[%emt 0:00:31]} 28.
Nb5 {[%emt 0:03:37]} Bc6 {[%emt 0:00:25]} 29. g4 {[%emt 0:11:01]} Na6 {[%emt 0:
05:43]} 30. Rc1 {[%emt 0:06:45]} Bxb5 {[%emt 0:04:02]} 31. cxb5 {[%emt 0:00:05]
} Nc7 32. Be2 {[%emt 0:01:03]} f5 {[%emt 0:00:42]} 33. gxf5 {[%emt 0:03:44]}
exf5 34. Rg1 {[%emt 0:00:07]} g6 {[%emt 0:00:12]} 35. h5 {[%emt 0:01:32]} Rd4 {
[%emt 0:00:50]} 36. exf5 {[%emt 0:09:49]} Nd5+ {[%emt 0:00:07]} 37. Kf2 {
[%emt 0:00:33]} Rxf4+ {[%emt 0:00:17]} 38. Bf3 {[%emt 0:00:56]} Rxf5 {[%emt 0:
00:02]} 39. hxg6 {[%emt 0:00:06]} hxg6 {[%emt 0:00:04]} 40. Rxg6 {[%emt 0:00:
04]} Nb4 {[%emt 0:02:00]} 41. Rg7+ {[%emt 0:03:02]} Rf7 {[%emt 0:00:36]} 42.
Rxf7+ {[%emt 0:00:30]} Kxf7 {[%emt 0:00:02]} 43. a4 {[%emt 0:00:07]} Ke6 {
[%emt 0:02:48]} 44. Ke3 {[%emt 0:02:10]} Ke5 {[%emt 0:00:05]} 45. Be4 {[%emt 0:
01:00]} Na2 {[%emt 0:00:13]} 46. Bf3 {[%emt 0:03:16]} Nc1 {[%emt 0:07:41]} 47.
Bd1 {[%emt 0:00:54]} Kd5 {[%emt 0:01:05]} 48. Bf3+ {[%emt 0:02:31]} Kd6 {
[%emt 0:00:27]} 49. Bd1 {[%emt 0:00:10]} Ke5 {[%emt 0:00:32]} 50. Bc2 {[%emt 0:
02:06]} Na2 {[%emt 0:00:07]} 51. Bh7 {[%emt 0:08:45]} Nc3 {[%emt 0:00:45]} 52.
Bg8 {[%emt 0:00:29]} Ne4 {[%emt 0:00:24]} 53. Kd3 {[%emt 0:00:15]} Nf6 {
[%emt 0:01:21]} 54. Bf7 {[%emt 0:00:05]} Ne4 {[%emt 0:01:38]} 55. Bg8 {[%emt 0:
00:13]} Nf2+ {[%emt 0:00:10]} 56. Kc3 {[%emt 0:00:44]} Ng4 {[%emt 0:00:32]} 57.
Kd3 {[%emt 0:01:26]} Kf4 {[%emt 0:01:21]} 58. b4 {[%emt 0:09:21]} Ne5+ {
[%emt 0:03:07]} 59. Kc3 {[%emt 0:00:05]} cxb4+ {[%emt 0:04:25]} 60. Kxb4 {
[%emt 0:00:03]} Ke4 {[%emt 0:00:21]} 61. a5 {[%emt 0:00:44]} Kd4 {[%emt 0:00:
49]} 62. axb6 {[%emt 0:00:06]} axb6 {[%emt 0:00:03]} 63. Bh7 {[%emt 0:00:09]}
Nc4 {[%emt 0:00:54]} 64. Bg8 {[%emt 0:00:13]} Ne3 {[%emt 0:00:07]} 65. Bh7 {
[%emt 0:00:30]} Nd5+ {[%emt 0:00:10]} 66. Kb3 {[%emt 0:00:05]} Kc5 {[%emt 0:00:
05]} 67. Bd3 {[%emt 0:00:08]} Nc7 {[%emt 0:00:08]} 68. Kc3 {[%emt 0:00:06]}
Nxb5+ {[%emt 0:00:08]} 69. Bxb5 {[%emt 0:00:30]} Kxb5 {[%emt 0:00:06]} 70. Kb3
{[%emt 0:00:02]} Kc5 {[%emt 0:00:07]} 71. Kc3 {[%emt 0:00:03]} b5 {[%emt 0:00:
04]} 72. Kb3 {[%emt 0:00:03]} b4 {[%emt 0:00:03]} 73. Kb2 {[%emt 0:00:07]} b3 {
[%emt 0:00:05]} 74. Kxb3 {[%emt 0:00:04]} 1/2-1/2

[Event "European Individual Chess Championship "]
[Site "Reykjavik, Iceland"]
[Date "2021.08.30"]
[Round "5.22"]
[White "Blohberger, Felix"]
[Black "Ter-Sahakyan, Samvel"]
[Result "1/2-1/2"]
[WhiteElo "2502"]
[BlackElo "2624"]
[PlyCount "85"]
[EventDate "2021.08.26"]

1. e4 {[%emt 0:00:04]} c5 {[%emt 0:00:10]} 2. Nf3 {[%emt 0:00:06]} d6 {[%emt 0:
00:05]} 3. d4 {[%emt 0:00:06]} cxd4 {[%emt 0:00:05]} 4. Nxd4 {[%emt 0:00:06]}
Nf6 {[%emt 0:00:04]} 5. Nc3 {[%emt 0:00:07]} a6 {[%emt 0:00:07]} 6. Bg5 {
[%emt 0:00:05]} Nc6 {[%emt 0:03:01]} 7. Qd2 {[%emt 0:02:33]} Nxd4 {[%emt 0:00:
07]} 8. Qxd4 {[%emt 0:00:06]} Qa5 {[%emt 0:00:03]} 9. Bd2 {[%emt 0:04:34]} e5 {
[%emt 0:00:12]} 10. Nd5 {[%emt 0:21:51]} Qxd5 {[%emt 0:17:25]} 11. Qxd5 {
[%emt 0:00:43]} Nxd5 {[%emt 0:00:05]} 12. exd5 {[%emt 0:00:06]} Be7 {[%emt 0:
07:05]} 13. c4 {[%emt 0:06:22]} f5 {[%emt 0:03:04]} 14. Be2 {[%emt 0:09:59]}
Bd7 {[%emt 0:08:15]} 15. O-O {[%emt 0:02:19]} a5 {[%emt 0:01:18]} 16. Rac1 {
[%emt 0:01:53]} Kf7 {[%emt 0:02:37]} 17. f4 {[%emt 0:02:28]} exf4 {[%emt 0:07:
46]} 18. Bxf4 {[%emt 0:01:35]} Rhe8 {[%emt 0:10:01]} 19. Bd3 {[%emt 0:05:06]}
g6 {[%emt 0:05:21]} 20. g4 {[%emt 0:03:51]} h5 {[%emt 0:14:40]} 21. gxh5 {
[%emt 0:06:46]} gxh5 {[%emt 0:00:04]} 22. Kh1 {[%emt 0:01:54]} Rg8 {[%emt 0:04:
34]} 23. Rce1 {[%emt 0:05:35]} Rae8 24. Bd2 {[%emt 0:01:27]} Bf6 {[%emt 0:02:
48]} 25. Bxf5 {[%emt 0:07:40]} Bxf5 {[%emt 0:02:55]} 26. Rxf5 {[%emt 0:00:43]}
Rxe1+ {[%emt 0:00:06]} 27. Bxe1 {[%emt 0:00:05]} Kg6 {[%emt 0:00:06]} 28. Rf2 {
[%emt 0:00:29]} Rc8 {[%emt 0:00:16]} 29. b3 {[%emt 0:01:23]} a4 {[%emt 0:00:26]
} 30. Re2 {[%emt 0:05:40]} b5 {[%emt 0:06:51]} 31. cxb5 {[%emt 0:05:21]} axb3 {
[%emt 0:00:03]} 32. axb3 {[%emt 0:00:06]} Rb8 {[%emt 0:00:04]} 33. Re6 {
[%emt 0:00:54]} Kf7 {[%emt 0:00:36]} 34. Rxd6 {[%emt 0:01:08]} Rxb5 {[%emt 0:
00:03]} 35. b4 {[%emt 0:02:58]} Be7 {[%emt 0:00:31]} 36. Re6 {[%emt 0:03:05]}
Bxb4 {[%emt 0:02:01]} 37. Bxb4 {[%emt 0:00:03]} Rxb4 {[%emt 0:00:05]} 38. Rh6 {
[%emt 0:00:37]} Rd4 {[%emt 0:01:12]} 39. Rxh5 {[%emt 0:00:18]} Kg6 {[%emt 0:00:
03]} 40. Re5 {[%emt 0:00:31]} Kf6 {[%emt 0:00:06]} 41. Re6+ {[%emt 0:00:33]}
Kf7 {[%emt 0:01:08]} 42. Re5 {[%emt 0:03:04]} Kf6 {[%emt 0:00:07]} 43. Re6+ {
[%emt 0:00:03]} 1/2-1/2